Central Library OPAC University of Rajshahi

Vietnam, a diplomatic tragedy : (Record no. 1781)

MARC details
000 -LEADER
fixed length control field 00750nam a2200229 a 4500
001 - CONTROL NUMBER
control field 1781
003 - CONTROL NUMBER IDENTIFIER
rucl marc code BD-RjUL
005 - DATE AND TIME OF LATEST TRANSACTION
control field 20211208233418.0
008 - FIXED-LENGTH DATA ELEMENTS--GENERAL INFORMATION
fixed length control field 131209s19651963nyuab b 00110 eng d
035 ## - SYSTEM CONTROL NUMBER
System control number (BD-RjUL)1808
040 ## - CATALOGING SOURCE
Original cataloging agency BD-RjUL
Language of cataloging eng
Transcribing agency BD-RjUL
Modifying agency BD-RjUL
041 ## - LANGUAGE CODE
Language code of text/sound track or separate title eng
082 00 - DEWEY DECIMAL CLASSIFICATION NUMBER
Classification number 327.73
Author mark and year BAV 1965
Edition number 23
100 10 - MAIN ENTRY--PERSONAL NAME
Personal name Bator, Victor,
Dates associated with a name 1891-.
9 (RLIN) 5902
245 10 - TITLE STATEMENT
Title Vietnam, a diplomatic tragedy :
Remainder of title the origins of the United States involvement /
Statement of responsibility, etc. by Victor Bator.
260 0# - PUBLICATION, DISTRIBUTION, ETC. (IMPRINT)
Place of publication, distribution, etc. Dobbs Ferry, N.Y. :
Name of publisher, distributor, etc. Oceana Publications,
Date of publication, distribution, etc. 1965.
300 ## - PHYSICAL DESCRIPTION
Pagination xv, 271p. :
Illustrations ill ;
Size 21cm.
504 ## - BIBLIOGRAPHY, ETC. NOTE
Bibliography, etc Bibliography: p.251-252.
650 #0 - SUBJECT ADDED ENTRY--TOPICAL TERM
Topical term or geographic name as entry element Vietnam War, 1961-1975.
9 (RLIN) 5903
651 #0 - SUBJECT ADDED ENTRY--GEOGRAPHIC NAME
Geographic name United States
General subdivision Foreign relations
Chronological subdivision 1953-1961.
9 (RLIN) 5904
942 ## - ADDED ENTRY ELEMENTS (KOHA)
Source of classification or shelving scheme Dewey Decimal Classification
Koha item type Books
Holdings
Lost status Source of classification or shelving scheme Damaged status Not for loan Collection code Permanent Location Current Location Shelving location Date acquired Source of acquisition Cost, normal purchase price Total Checkouts Full call number Date last seen Copy number Koha item type
  Dewey Decimal Classification   Not For Loan Non-fiction Central Library, University of Rajshahi Central Library, University of Rajshahi Reading Room 16/11/1968 Zeitlinger 42.00   327.73 BAV 1965 09/12/2013 C-1 Books
  Dewey Decimal Classification     Non-fiction Central Library, University of Rajshahi Central Library, University of Rajshahi   16/11/1968 Zeithinger 42.00   327.73 BAV 1965 11/06/2016 C-2 Books
  Dewey Decimal Classification     Non-fiction Central Library, University of Rajshahi Central Library, University of Rajshahi   16/11/1968 Zeithinger 42.00   327.73 BAV 1965 11/06/2016 C-3 Books
  Dewey Decimal Classification     Non-fiction Central Library, University of Rajshahi Central Library, University of Rajshahi   16/11/1968 Zeithinger 42.00   327.73 BAV 1965 11/06/2016 C-4 Books